Ferret husbandry, medicine, and surgery / (Record no. 67240)
[ view plain ]
| 000 -LEADER | |
|---|---|
| fixed length control field | 00759nam a2200253 a 4500 |
| 001 - CONTROL NUMBER | |
| control field | 67240 |
| 003 - CONTROL NUMBER IDENTIFIER | |
| rucl marc code | BD-RjUL |
| 005 - DATE AND TIME OF LATEST TRANSACTION | |
| control field | 20211209081629.0 |
| 008 - FIXED-LENGTH DATA ELEMENTS--GENERAL INFORMATION | |
| fixed length control field | 170323s2000 enka b 001 0 eng |
| 020 ## - INTERNATIONAL STANDARD BOOK NUMBER | |
| International Standard Book Number | 0750642513 |
| 035 ## - SYSTEM CONTROL NUMBER | |
| System control number | (BD-RjUL)67371 |
| 040 ## - CATALOGING SOURCE | |
| Original cataloging agency | DLC |
| Transcribing agency | DLC |
| Modifying agency | BD-RjUL |
| Language of cataloging | eng |
| 041 ## - LANGUAGE CODE | |
| Language code of text/sound track or separate title | eng |
| 082 00 - DEWEY DECIMAL CLASSIFICATION NUMBER | |
| Classification number | 636.976628 |
| Edition number | 23 |
| Author mark and year | LEF 2000 |
| 100 1# - MAIN ENTRY--PERSONAL NAME | |
| Personal name | Lewington, John H. |
| 9 (RLIN) | 199214 |
| 245 10 - TITLE STATEMENT | |
| Title | Ferret husbandry, medicine, and surgery / |
| Statement of responsibility, etc. | John H. Lewington. |
| 260 ## - PUBLICATION, DISTRIBUTION, ETC. (IMPRINT) | |
| Place of publication, distribution, etc. | Oxford ; |
| -- | Boston : |
| Name of publisher, distributor, etc. | Butterworth-Heinemann, |
| Date of publication, distribution, etc. | 2000. |
| 300 ## - PHYSICAL DESCRIPTION | |
| Pagination | viii, 289 p. : |
| Illustrations | ill. ; |
| Size | 25 cm. |
| 504 ## - BIBLIOGRAPHY, ETC. NOTE | |
| Bibliography, etc | Includes bibliographical references. |
| 650 #0 - SUBJECT ADDED ENTRY--TOPICAL TERM | |
| Topical term or geographic name as entry element | Ferret |
| General subdivision | Diseases. |
| 9 (RLIN) | 199215 |
| Topical term or geographic name as entry element | Ferret |
| General subdivision | Surgery. |
| 9 (RLIN) | 199216 |
| Topical term or geographic name as entry element | Ferret. |
| 9 (RLIN) | 199217 |
| 942 ## - ADDED ENTRY ELEMENTS (KOHA) | |
| Source of classification or shelving scheme | Dewey Decimal Classification |
| Koha item type | Books |
| Lost status | Source of classification or shelving scheme | Damaged status | Not for loan | Collection code | Permanent Location | Current Location | Shelving location | Date acquired | Source of acquisition | Cost, normal purchase price | Total Checkouts | Full call number | Date last seen | Copy number | Koha item type |
|---|---|---|---|---|---|---|---|---|---|---|---|---|---|---|---|
| Dewey Decimal Classification | Not For Loan | Non-fiction | Central Library, University of Rajshahi | Central Library, University of Rajshahi | Reading Room | 09/12/2021 | Paragogn Enterprise, Dhaka | 4799.00 | 636.976628 LEF 2000 | 23/03/2017 | C-1 | Books |